[Event "Katowice rapid op"]
[Site "Katowice"]
[Date "2025.05.31"]
[Round "4"]
[White "Hasinski, Krystian"]
[Black "Jurczyk, Szymon"]
[Result "1-0"]
[WhiteElo "1761"]
[BlackElo "1549"]
[PlyCount "131"]
[EventDate "2025.05.31"]
[EventType "swiss"]
[EventRounds "11"]
[EventCountry "POL"]
[SourceTitle "CB24_2025"]
[SourceDate "2025.06.11"]
[SourceVersion "1"]
[SourceVersionDate "2025.06.11"]
[SourceQuality "1"]

1. c4 Nf6 2. Nc3 e6 3. g3 d5 4. Bg2 c6 5. d3 Bd6 6. b3 Bb4 7. Bd2 Qa5 8. Qc2 d4 9. Ne4 Nxe4 10. Bxe4 Nd7 11. Bxb4 Qxb4+ 12. Qd2 Qe7 13. Bg2 0-0 14. Nf3 e5 15. 0-0 Re8 16. b4 Nf6 17. a4 Bg4 18. a5 a6 19. Rfb1 Qd7 20. Ng5 h6 21. Ne4 Nxe4 22. Bxe4 f5 23. Bg2 e4 24. f3 exf3 25. exf3 Bh5 26. Re1 Bf7 27. Kf2 Re6 28. Rxe6 Bxe6 29. Re1 Re8 30. f4 g6 31. Re5 Kg7 32. Qe1 Bf7 33. Rxe8 Qxe8 34. Qxe8 Bxe8 35. Ke2 Kf6 36. b5 g5 37. Kd2 Ke6 38. bxa6 bxa6 39. c5 gxf4 40. gxf4 Kf6 41. Kc2 Kg6 42. Bf3 Kf6 43. Kb3 Ke6 44. Kc4 Kd7 45. Kxd4 Bf7 46. Ke5 Be6 47. Bxc6+ Kxc6 48. Kxe6 Kxc5 49. Kxf5 Kb5 50. Kg6 Kxa5 51. f5 Kb5 52. f6 a5 53. f7 a4 54. f8Q Ka5 55. Kxh6 Kb5 56. h4 Kb6 57. Kg5 Kc6 58. h5 Kd5 59. h6 Kd4 60. h7 Kxd3 61. Qa3+ Ke2 62. Qxa4 Kf3 63. h8Q Ke3 64. Qh3+ Kf2 65. Qa2+ Kg1 66. Qag2# 1-0